| 000 | 00591cam a22002291 4500 | ||
|---|---|---|---|
| 001 | 8810783 | ||
| 005 | 20180207032221.0 | ||
| 008 | 721114s1946 ctuc b 000 0 eng c | ||
| 010 | _aa 46005936 | ||
| 035 | _a(OCoLC)494059 | ||
| 040 |
_aYale Univ. Library _cODaWU _dOCoLC _dDLC |
||
| 041 | _aeng | ||
| 042 | _apremarc | ||
| 080 | _a320.1 CAS | ||
| 082 | _a320.1 CAS | ||
| 100 | 1 | _a50 | |
| 101 | _aSOC | ||
| 245 | 1 | 4 |
_aThe myth of the state, _cby Ernst Cassirer. |
| 504 | _aBibliographical foot-notes. | ||
| 906 |
_a7 _bcbc _coclcrpl _du _encip _f19 _gy-gencatlg |
||
| 942 |
_2ddc _cBK |
||
| 999 |
_c41962 _d41962 |
||